000 00958nam a22003017a 4500
003 CHAP
005 20220329134403.0
008 971013s1954 r 00010 d
010 _a19750
011 _a20722
035 _a24810
040 _cCHAP
082 _a633.1
_bA53
100 0 0 _aAnderson, J. A.
_eed.
_95583
245 _aStorage of cereal grains and their products
260 _aPaul Minnesota :
_bAmerican Association of Cereal Chemists,
_c1954
300 _a515 p.
_b: ilus
490 _aMonograph series
_v; 2
590 _aBATCH-UPD
_b10
_c20130110
_lUCH01
_h1204
590 _aCONVERSION
_b10
_c20130109
_lUCH01
_h1312
650 1 4 _aCereales
_xAlmacenamiento.
_921373
700 0 _aAlcock, A. W.
_93648
830 0 _aMonograph series
_v; 2
_977594
901 _aBK
942 _cLIBRO
949 _a633.1 A53
_bBC
_cLIBRO
_d33724000184222
_eLIBRO
_fc.2
_h73031
_i24810
_si
949 _a633.1 A53
_bBC
_cLIBRO
_d33724000184230
_eLIBRO
_h72248
_i24810
_si
999 _c19750
_d19750